000 02387cam a22005654i 4500
003 PE-LiUPU
005 20250731180149.0
008 150706s2011 r 000 0 d
020 _a9788484086338
035 _a(Sirsi) i9788484086338
040 _aPE-LiUPU
_bspa
_cPE-LiUPU
_erda
049 _aPRUA
082 0 4 _a516.6
_bF81
_221
100 1 _aFranco Taboada, José Antonio,
_eautor.
245 1 0 _aGeometría descriptiva para la representación arquitectónica.
_n1,Fundamentos /
_cJosé Antonio Franco Taboada .
264 1 _aSantiago de Compostela :
_bAndavira,
_c2011.
300 _a245 páginas :
_bilustraciones ;
_c21 cm.
336 _atext
_2rdacontent
337 _aunmediated
_2rdamedia
338 _avolume
_2rdacarrier
505 0 _aGeneralidades de los principales sistemas de representación -- Desarrollo de la perspectiva lineal -- Desarrollo de los sistemas de proyección paralela: diédrico, axonométrico y acotado -- Introducción a la teoría de sombras y reflejos.
526 _aSEG44
526 _aSEG26
526 _aP159
526 _aP155
526 _aP154
526 _aP153
526 _aP150
526 _aP100
526 _aP31
526 _aP30
526 _aP26
526 _aP25
526 _aP24
526 _aP22
526 _aP15
526 _aP10
541 _g004-000770;
541 _g015-0016390;
650 0 4 _aGeometía descriptiva para arquitectura.
650 0 4 _aDibujo arquitectónico.
910 _afsr
_cfsr
_d20130107
942 _2ddc
_cBOOK
949 _a516.6 F81
_wDEWEY
_c1
_i66327
_lCCODEBUL1
_mBUL
_p50.00
_r0
_sY
_tBOOK
_u2015-7-6
_xINGENIERIA
_PP06
_o.STAFF. Colección General
949 _a516.6 F81
_wDEWEY
_c2
_i69756
_lCCODEBUL1
_mBUL
_p112.00
_r0
_sY
_tBOOK
_u2015-7-6
_xINGENIERIA
_PP06
_o.STAFF. Colección General
994 _aC0
_bPEPRU
596 _a1
999 _a516.6 F81
_wDEWEY
_c54589
_i66327
_d54589
_e2015-10-23
_f2021-11-9
_g7
_lCCODEBUL1
_mBUL
_n5
_p50.00
_r0
_sN
_tBOOK
_u2015-7-6
_xINGENIERIA
_PP06
_0COMPRA
_o.STAFF. Colección General
999 _a516.6 F81
_wDEWEY
_c2
_i69756
_d2018-10-15
_e2018-10-9
_f2021-11-9
_g7
_lCCODEBUL1
_mBUL
_n3
_p112.00
_q1
_r0
_sY
_tBOOK
_u2015-7-6
_xINGENIERIA
_PP06
_0COMPRA
_o.STAFF. Colección Ingenieria y Arquitectura
980 _81
_gALBERTO SANCHEZ Responsable de Automatización